Annihilation Of Caste: Cuppa Freedom Classics/ (Record no. 212086)

MARC details
000 -LEADER
fixed length control field 00559nam a22001817a 4500
005 - DATE AND TIME OF LATEST TRANSACTION
control field 20250917150712.0
010 ## - LCCN (DPL NO)
LC control number ENG-145701
020 ## - INTERNATIONAL STANDARD BOOK NUMBER
International Standard Book Number 9789392210877
Terms of availability 195.00
035 ## - SYSTEM CONTROL NUMBER
System control number EN-129233
037 ## - SOURCE OF ACQUISITION
Source of stock number/acquisition DBAD
082 ## - DEWEY DECIMAL CLASSIFICATION NUMBER
Classification number 305.568
Edition number 1
100 ## - MAIN ENTRY--PERSONAL NAME
Personal name Ambedkar, B R
245 ## - TITLE STATEMENT
Title Annihilation Of Caste: Cuppa Freedom Classics/
Statement of responsibility, etc B R Ambedkar
260 ## - PUBLICATION, DISTRIBUTION, ETC. (IMPRINT)
Place of publication, distribution, etc Chandigarh
Name of publisher, distributor, etc The Browser
Date of publication, distribution, etc 2025
270 ## - ADDRESS
City Chandigarh
Address SCO 14-15, Sector 8-C
Postal code 160009
Electronic mail address service@thebrowser.org
300 ## - PHYSICAL DESCRIPTION
Extent 85p.
Dimensions 20cm(pb)
942 ## - ADDED ENTRY ELEMENTS (KOHA)
Source of classification or shelving scheme Dewey Decimal Classification
Item type English Books
Classification part 305.568
Call number suffix AMB
Holdings
Withdrawn status Lost status Not for loan Collection code Home library Current library Date acquired Source of acquisition Cost, normal purchase price Full call number Barcode Copy number Cost, replacement price Koha item type
      Non-fiction Sarojini Nagar Sarojini Nagar 04/07/2025 Delivery of Books Act Division 195.00 305.568 AMB EN-129233 1 195.00 English Books

© Delhi Public Library
Hit Counter
free hit counter